| 000 | 00405nam a2200133Ia 4500 | ||
|---|---|---|---|
| 008 | 221030s9999 xx 000 0 und d | ||
| 041 | _aEnglish | ||
| 100 | _aCDM - College of Defence Management | ||
| 245 | 0 |
_aManagement Information System : An Overview _cby CDM - College of Defence Management |
|
| 260 |
_bDefence Management _aSecunderabad _c1995 |
||
| 300 | _a188 | ||
| 650 | _aManagement | ||
| 942 | _cBK | ||
| 999 |
_c18410 _d18410 |
||